000 00346 a2200169 4500
001 74494
020 _a8508046510
040 _cAnchieta - Colégio São Paulo
100 _aOliveira, Antonio Carlos
240 1 0 _aCanudos
_lpor
245 1 0 _aCanudos
300 _a40
362 0 _a1997
440 1 _aÁtica
650 4 _aBrasil
942 _cBK
999 _c74494
_d74494